Post Keynesian Macroeconomic Theory (Registro nro. 4335)

Detalles MARC
000 -LEADER
fixed length control field 01617 a2200217 4500
001 - CONTROL NUMBER
control field 47290
005 - DATE AND TIME OF LATEST TRANSACTION
control field 20260407155740.0
008 - FIXED-LENGTH DATA ELEMENTS--GENERAL INFORMATION
fixed length control field 260407a1994 arg spa d
003 - CONTROL NUMBER IDENTIFIER
control field AR-UNSa-BCEJYS
040 ## - CATALOGING SOURCE
Original cataloging agency AR-UNSa-BCEJYS
Language of cataloging spa
Transcribing agency AR-UNSa-BCEJYS
080 ## - UNIVERSAL DECIMAL CLASSIFICATION NUMBER
Universal Decimal Classification number 330.834
Common auxiliary subdivision Keynes y el keynesianismo. Neokeynesianismo. Poskeynesianismo
041 ## - LANGUAGE CODE
Language code of text/sound track or separate title spa
100 1# - MAIN ENTRY--PERSONAL NAME
Personal name Davidson, Paul
245 10 - TITLE STATEMENT
Title Post Keynesian Macroeconomic Theory
Name of part/section of a work A foundation for successful economic police for the Twenty- first Century
264 #1 - PRODUCTION, PUBLICATION, DISTRIBUTION, MANUFACTURE, AND COPYRIGHT NOTICE
Place of production, publication, distribution, manufacture Aldershot :
Name of producer, publisher, distributor, manufacturer Edward Elgar
Date of production, publication, distribution, manufacture, or copyright notice 1994
300 ## - PHYSICAL DESCRIPTION
Extent 309 p.
Dimensions 24 cm.
505 ## - FORMATTED CONTENTS NOTE
Formatted contents note 1. The background for Keynes´s revolution - 2. The essential difference between the general theory and the classical system - 3. Expenditures related to income: Keynes´s D category - 4. Investment spending - 5. Goverment and the level of output - 6. Money and uncertainty - 7. Liquidity preference-the demand for money - 8. The finance motive and the interdependence of the real and monetary sectors - 9. Three views of inflation - 10. Keynes´s aggregate supply and demand analysis - 11. The demand ans supply of labour - 12. Money in an international setting - 13. Trade imbalances and international payments - 14. International liquidity and exchange rate stability - 15. Financing the wealth of nations - 16. Export-led growth and a proposal for an international payments scheme - 17. Epilogue: truth in labelling and economic textbooks -
590 ## - LOCAL NOTE (RLIN)
Local note niveau_biblio:m niveau_hierar:0
856 41 - ELECTRONIC LOCATION AND ACCESS
Uniform Resource Identifier <a href="https://www.biblioeco.unsa.edu.ar/pmb/images/libros/L127471.jpg">https://www.biblioeco.unsa.edu.ar/pmb/images/libros/L127471.jpg</a>
Link text Imagen de portada
Electronic format type image/jpeg
942 ## - ADDED ENTRY ELEMENTS (KOHA)
Koha item type
Existencias
Withdrawn status Lost status Damaged status Not for loan Home library Current library Shelving location Date acquired Total checkouts Full call number Barcode Date last seen Price effective from Koha item type
        Biblioteca Prof. Eusebio Cleto del Rey Biblioteca Prof. Eusebio Cleto del Rey   07/04/2026   330.834 D249 L127471 07/04/2026 07/04/2026 Libro